Statistics for Country Shape Quiz--Very Hard #2

Click here to take the quiz!

General Stats

  • This quiz has been taken 28 times
  • The average score is 13 of 15

Answer Stats

Answer% Correct
Georgia
93%
Vatican City
93%
Angola
89%
Barbados
89%
Bosnia and Herzegovina
89%
Senegal
89%
Bahrain
85%
Eritrea
85%
Togo
85%
Antigua and Barbuda
81%
Moldova
81%
Solomon Islands
81%
United Arab Emirates
81%
Guyana
78%
Uruguay
63%

Score Distribution

Percentile by Number Answered

Percent of People with Each Score

Your Score History

You have not taken this quiz